| 000 -LEADER |
| fixed length control field |
00416cam a22001337a 4500 |
| 008 - FIXED-LENGTH DATA ELEMENTS--GENERAL INFORMATION |
| fixed length control field |
180718b2010 xxu||||| |||| 00| 0 eng d |
| 020 ## - INTERNATIONAL STANDARD BOOK NUMBER |
| International Standard Book Number |
0198065477 |
| 082 ## - DEWEY DECIMAL CLASSIFICATION NUMBER |
| Classification number |
T1x54 B182e |
| 100 ## - MAIN ENTRY--PERSONAL NAME |
| Personal name |
Balakrishnan, Pulapre |
| 245 ## - TITLE STATEMENT |
| Title |
Economic growth in India: history and prospect |
| Statement of responsibility, etc. |
by Pulapre Balakrishnan |
| 260 ## - PUBLICATION, DISTRIBUTION, ETC. |
| Place of publication, distribution, etc. |
New Delhi |
| Name of publisher, distributor, etc. |
Oxford Univ. Press |
| Date of publication, distribution, etc. |
2010 |
| 300 ## - PHYSICAL DESCRIPTION |
| Extent |
289p. |
| 650 ## - SUBJECT ADDED ENTRY--TOPICAL TERM |
| Topical term or geographic name entry element |
India --Economic conditions --1947- |